Glanz und Untergang des Alten Mexiko (Record no. 9338)

MARC details
000 -CABECERA
campo de control de longitud fija 01031nam a2200289 a 4500
001 - NÚMERO DE CONTROL
campo de control BRL_526
005 - FECHA Y HORA DE LA ÚLTIMA TRANSACCIÓN
campo de control 20190320210802.0
008 - DATOS DE LONGITUD FIJA--INFORMACIÓN GENERAL
campo de control de longitud fija 020913s1986----gw-a######---#000-0#ger-#
020 ## - NÚMERO INTERNACIONAL ESTÁNDAR DEL LIBRO
Número Internacional Estándar del Libro 3805309082
041 ## - CÓDIGO DE LENGUA
Código de lengua del texto/banda sonora o título independiente ger
044 ## - CÓDIGO DEL PAÍS DE LA ENTIDAD EDITORA/PRODUCTORA
Código MARC del país gw
050 #4 - SIGNATURA TOPOGRÁFICA DE LA BIBLIOTECA DEL CONGRESO
Número de clasificación F1218.5
Número de documento/Ítem .G53 1986
245 10 - MENCIÓN DE TÍTULO
Título Glanz und Untergang des Alten Mexiko
Resto del título die Azteken und ihre Vorläufer
Mención de responsabilidad, etc. Herausgeber, Arne Eggebrecht ; Redaktion, Ulf Bankmann, Manfred Gutgesell, Wolf-Günter Thieme
260 ## - PUBLICACIÓN, DISTRIBUCIÓN, ETC.
Lugar de publicación, distribución, etc. Mainz am Rhein
Nombre del editor, distribuidor, etc. Verlag Phillipp Von Zabern
Fecha de publicación, distribución, etc. 1986
300 ## - DESCRIPCIÓN FÍSICA
Extensión 2v., 574 p.
Otras características físicas il.
Dimensiones 24 cm.
500 ## - NOTA GENERAL
Nota general v.1 Au583, v.2 Au584
500 ## - NOTA GENERAL
Nota general Bibliografía: p.213-225
650 14 - PUNTO DE ACCESO ADICIONAL DE MATERIA--TÉRMINO DE MATERIA
Término de materia o nombre geográfico como elemento de entrada Indígenas de mexico
Subdivisión de forma Exposiciones
Subdivisión general Antigüedades
9 (RLIN) 595
650 14 - PUNTO DE ACCESO ADICIONAL DE MATERIA--TÉRMINO DE MATERIA
Término de materia o nombre geográfico como elemento de entrada Aztecas
Subdivisión de forma Exposiciones
Subdivisión general Antigüedades
9 (RLIN) 24201
651 #4 - PUNTO DE ACCESO ADICIONAL DE MATERIA--NOMBRE GEOGRÁFICO
Nombre geográfico México
Subdivisión de forma Exposiciones
Subdivisión general Antigüedades
9 (RLIN) 24202
700 1# - PUNTO DE ACCESO ADICIONAL--NOMBRE DE PERSONA
Nombre de persona Eggebrecht, Arne
Término indicativo de función/relación ed.
9 (RLIN) 24203
700 1# - PUNTO DE ACCESO ADICIONAL--NOMBRE DE PERSONA
Nombre de persona Bankmann, Ulf
9 (RLIN) 24204
700 1# - PUNTO DE ACCESO ADICIONAL--NOMBRE DE PERSONA
Nombre de persona Gutgesell, Manfred
9 (RLIN) 24205
710 2# - PUNTO DE ACCESO ADICIONAL--NOMBRE DE ENTIDAD CORPORATIVA
Nombre de entidad corporativa o nombre de jurisdicción como elemento de entrada Roemer und Pelizaeus Museum
9 (RLIN) 24206
902 ## - CATALOGADOR
Iniciales GRL
942 ## - ELEMENTOS DE PUNTO DE ACCESO ADICIONAL (KOHA)
Fuente del sistema de clasificación o colocación Library of Congress Classification
Tipo de ítem Koha Libros
Holdings
Estado de retiro Estado de pérdida Estado dañado No para préstamo Localización permanente Ubicación/localización actual Fecha de adquisición Total de préstamos Signatura topográfica completa Código de barras Fecha visto por última vez Precio válido a partir de Tipo de ítem Koha
El ejemplar forma parte de la colección y puede ser consultado según las políticas vigentes.       Biblioteca Centro de Estudios Ruth D. Lechuga Biblioteca Centro de Estudios Ruth D. Lechuga 02/09/2013   F1218.5 .G53 1986 GRL00581 22/03/2019 22/03/2019 Libros
El ejemplar forma parte de la colección y puede ser consultado según las políticas vigentes.       Biblioteca Centro de Estudios Ruth D. Lechuga Biblioteca Centro de Estudios Ruth D. Lechuga 27/08/2015   F1218.5 .G53 1986 GRL00582 22/03/2019 22/03/2019 Libros